000
00319nam a22001337a 4500
008
221031b ||||| |||| 00| 0 eng d
020
_a
9781680361063
041
_a
eng
080
_2
SECOND EDITION
_a
573
100
_a
573 BRI
101
_a
BIO
245
_a
CELLULAR AND MOLECULAR BIOLOGY
_c
BRIGGS L
942
_2
udc
_c
BK
999
_c
58699
_d
58699